| 000 | 00480nam a2200181Ia 4500 | ||
|---|---|---|---|
| 008 | 240925s9999 xx 000 0 und d | ||
| 020 | _a9788131524978 | ||
| 082 | _a005.8 BAS | ||
| 100 | _aBasta, Alfred | ||
| 245 | 0 | _aDatabase Security | |
| 250 | _aNA | ||
| 260 |
_aNew Delhi: _bCengage Learning _c,2012. |
||
| 300 |
_a662p. _b0 _fOriginal |
||
| 500 | _aIncludes Index | ||
| 600 | _aComputer Science | ||
| 650 | _aComputer science, information & general works | ||
| 942 | _cBK | ||
| 999 |
_c12684 _d12684 |
||